| 000 | 01281cam a2200361 a 4500 | ||
|---|---|---|---|
| 001 | 13653468 | ||
| 003 | Nust | ||
| 005 | 20220831124007.0 | ||
| 008 | 040713s2002 enk 000 f eng d | ||
| 010 | _a 2004484203 | ||
| 015 | _aGBA2-X3919 | ||
| 020 | _a1843910012 | ||
| 035 | _a(OCoLC)ocm49736718 | ||
| 040 |
_aUKM _cUKM _dGZM _dDLC |
||
| 042 | _alccopycat | ||
| 050 | 0 | 0 |
_aPR3630 _b.M4 2002 |
| 082 | 0 | 4 |
_a823 _bARB |
| 100 | 1 |
_aPope, Alexander, _d1688-1744. _998731 |
|
| 240 | 1 | 0 | _aMemoirs of Martinus Scriblerus |
| 245 | 1 | 0 |
_aMemoirs of the extraordinary life, works and discoveries of Martinus Scriblerus / _cAlexander Pope and John Arbuthonot. |
| 246 | 3 | 4 | _aAlexander Pope Scriblerus |
| 260 |
_aLondon : _bHesperus, _c2002. |
||
| 300 |
_ax, 101 p. ; _c20 cm. |
||
| 650 | 0 |
_aPedantry _vFiction. _998732 |
|
| 650 | 0 |
_aPride and vanity _vFiction. _998733 |
|
| 650 | 0 |
_aScholars _vFiction. _998734 |
|
| 655 | 0 |
_aSatire. _97757 |
|
| 700 | 1 |
_aArbuthnot, John, _d1667-1735. _998735 |
|
| 856 | 4 | 2 |
_3Publisher description _uhttp://www.loc.gov/catdir/enhancements/fy0803/2004484203-d.html |
| 906 |
_a7 _bcbc _ccopycat _d3 _encip _f20 _gy-gencatlg |
||
| 942 |
_2ddc _cBK |
||
| 999 |
_c173043 _d173043 |
||